000 00400nam a2200169Ia 4500
100 _aDevi/Susheela V/ Murty/Narasimha
650 _aPattern Recognition
942 _cBK
366 _f20
654 _aPattern recognition
245 _aPattern Recognition:An Introduction
260 _bKhanna publishers
082 _a6.4
_bDEV
300 _a263
546 _aENGLISH
_cPAMPHALETS
999 _c23737
_d23737